000 00708 a2200229 4500
005 20240419130345.0
010 _aB-758653
020 _a9780195649635
_c495.00
035 _aB-758653
037 _bGift/Unesco
082 _a338.954
245 _aThe Political Economy of Hunger;
_bSelected Essays/
_cEdited by- Jean Dreze, Amartya Sen [and] Athar Hussain
260 _aNew York
_bOxford
_c1995
270 _aNew York
300 _a626p.;
_c22cm. (Pbk)
500 _aIndex
700 _aDreze, Jean
_964944
700 _aSen, Amartya
_964945
700 _aHussain, Athar
_964946
942 _adpl
_cEN
_2ddc
_h338.954
_mTHE
999 _c202297
_d202297